[Event "Ricany op"]
[Site "Ricany"]
[Date "2023.09.02"]
[Round "9"]
[White "Hosova, Sandra"]
[Black "Moravec, Marek"]
[Result "1-0"]
[WhiteElo "1898"]
[BlackElo "1449"]
[PlyCount "99"]
[EventDate "2023.08.26"]
[EventType "swiss"]
[EventRounds "9"]
[EventCountry "CZE"]
[SourceTitle "EXT 2024"]
[Source "ChessBase"]
[SourceDate "2023.10.10"]
[SourceVersion "1"]
[SourceVersionDate "2023.10.10"]
[SourceQuality "1"]

1. d4 Nf6 2. Bf4 g6 3. Nc3 Bg7 4. e4 d6 5. f3 0-0 6. Qd2 Nc6 7. 0-0-0 e5 8. dxe5 dxe5 9. Qxd8 Rxd8 10. Rxd8+ Nxd8 11. Bxe5 Nxe4 12. Bxg7 Nf2 13. Bd4 Nxh1 14. g3 Nc6 15. Be3 Nxg3 16. hxg3 Be6 17. Nh3 Ne5 18. Ng5 Bc4 19. Bg2 c6 20. b3 Ba6 21. Nce4 h6 22. Nf6+ Kg7 23. Nge4 Be2 24. f4 Ng4 25. Nxg4 Bxg4 26. Nd6 Bc8 27. Nxc8 Rxc8 28. Bxa7 Ra8 29. Bd4+ Kg8 30. a4 Re8 31. Kd2 Rd8 32. Kc3 h5 33. b4 Kf8 34. a5 Ke7 35. a6 bxa6 36. Bxc6 Rc8 37. Bc5+ Ke6 38. Bb7 Rc7 39. Bxa6 Kd5 40. Kd3 f6 41. c4+ Ke6 42. Be3 Kf5 43. b5 Kg4 44. b6 Rd7+ 45. Ke2 Kxg3 46. c5 h4 47. c6 Re7 48. c7 h3 49. c8Q h2 50. Bb7 1-0

[Event "Ricany op"]
[Site "Ricany"]
[Date "2023.08.31"]
[Round "7"]
[White "Moravec, Marek"]
[Black "Ocelak, David"]
[Result "0-1"]
[WhiteElo "1449"]
[BlackElo "1640"]
[PlyCount "118"]
[EventDate "2023.08.26"]
[EventType "swiss"]
[EventRounds "9"]
[EventCountry "CZE"]
[SourceTitle "EXT 2024"]
[Source "ChessBase"]
[SourceDate "2023.10.10"]
[SourceVersion "1"]
[SourceVersionDate "2023.10.10"]
[SourceQuality "1"]

1. e4 e5 2. Nf3 Nc6 3. Bc4 Nf6 4. Ng5 Bc5 5. Bxf7+ Kf8 6. Bb3 Ke8 7. 0-0 Rf8 8. d3 d6 9. Ne6 Bxe6 10. Bxe6 Nd4 11. Bh3 Qe7 12. Nc3 c6 13. Ne2 Ne6 14. Ng3 g6 15. c3 h5 16. Ne2 Ng4 17. d4 Bb6 18. f3 Nf6 19. Kh1 Nh7 20. d5 Neg5 21. Qe1 Qf7 22. Bd2 cxd5 23. exd5 Nxh3 24. gxh3 Qxd5 25. Nf4 Qf7 26. Qe4 g5 27. Nd5 Bd8 28. Rad1 Nf6 29. Nxf6+ Bxf6 30. Be3 Qe7 31. Qd5 Rd8 32. a3 b6 33. Rd3 Qd7 34. Rfd1 Qxh3 35. Qc6+ Qd7 36. Qxd7+ Rxd7 37. Rxd6 Rxd6 38. Rxd6 Ke7 39. Rd1 Rd8 40. Rg1 Rg8 41. h4 g4 42. fxg4 hxg4 43. Bf2 Ke6 44. Rg2 Kf5 45. Bg3 Rh8 46. Rh2 e4 47. Kg2 e3 48. Kf1 Ke4 49. Ke2 Rd8 50. Be1 Kf4 51. h5 g3 52. Rg2 Bh4 53. Rg1 Rh8 54. Rf1+ Kg4 55. Kxe3 Re8+ 56. Kd2 g2 57. Rg1 Bxe1+ 58. Kd1 Kf4 59. h6 Bf2 0-1

[Event "Ricany op"]
[Site "Ricany"]
[Date "2023.08.27"]
[Round "3"]
[White "Chernyy, Andrey"]
[Black "Moravec, Marek"]
[Result "1-0"]
[WhiteElo "1638"]
[BlackElo "1449"]
[PlyCount "79"]
[EventDate "2023.08.26"]
[EventType "swiss"]
[EventRounds "9"]
[EventCountry "CZE"]
[SourceTitle "EXT 2024"]
[Source "ChessBase"]
[SourceDate "2023.10.10"]
[SourceVersion "1"]
[SourceVersionDate "2023.10.10"]
[SourceQuality "1"]

1. e4 e5 2. Nf3 Nc6 3. Bb5 a6 4. Ba4 Nf6 5. d3 b5 6. Bb3 Bc5 7. Nc3 d6 8. Nd5 h6 9. Nxf6+ Qxf6 10. Bd5 Bd7 11. c3 Rb8 12. Be3 Ne7 13. Bb3 Bb6 14. h3 0-0 15. Qe2 Be6 16. Bxe6 Qxe6 17. g4 f6 18. h4 Qxg4 19. Rg1 Qh5 20. 0-0-0 Bxe3+ 21. Qxe3 c5 22. Rg2 Kh8 23. Rdg1 Rg8 24. Kb1 a5 25. d4 cxd4 26. cxd4 exd4 27. Nxd4 Qf7 28. Qf4 Rb6 29. Rc1 Ng6 30. Qg4 Ne5 31. Qf5 Qd7 32. Ne6 d5 33. exd5 Qxd5 34. Nf4 Qd6 35. Rcg1 Rc6 36. Ng6+ Nxg6 37. Rxg6 Rc5 38. Qg4 Qd3+ 39. Ka1 Rgc8 40. Rxh6+ 1-0

[Event "Ricany op"]
[Site "Ricany"]
[Date "2023.08.26"]
[Round "1"]
[White "Svetly, Jiri"]
[Black "Moravec, Marek"]
[Result "1-0"]
[WhiteElo "1850"]
[BlackElo "1449"]
[PlyCount "61"]
[EventDate "2023.08.26"]
[EventType "swiss"]
[EventRounds "9"]
[EventCountry "CZE"]
[SourceTitle "EXT 2024"]
[Source "ChessBase"]
[SourceDate "2023.10.10"]
[SourceVersion "1"]
[SourceVersionDate "2023.10.10"]
[SourceQuality "1"]

1. d4 Nf6 2. c4 g6 3. Nc3 d5 4. cxd5 Nxd5 5. Bd2 Bg7 6. e4 Nxc3 7. Bxc3 0-0 8. Bc4 Nc6 9. Ne2 e6 10. h4 h5 11. Qd2 Kh7 12. g4 e5 13. d5 Nd4 14. Bxd4 exd4 15. gxh5 gxh5 16. f4 c5 17. Bd3 Bg4 18. e5+ Kh8 19. Be4 Bh6 20. Kf2 f5 21. Bg2 Rg8 22. Ng3 Qb6 23. b3 Rae8 24. Rhe1 Qd8 25. d6 Rg7 26. b4 b6 27. Rac1 Qxh4 28. Rh1 Qd8 29. Nxh5 Rxe5 30. fxe5 Bxd2 31. Nf6+ 1-0